Asset pricing / (Record no. 570)

000 -LEADER
fixed length control field 02446nam a22004217a 4500
001 - CONTROL NUMBER
control field 13601299
003 - CONTROL NUMBER IDENTIFIER
control field OSt
005 - DATE AND TIME OF LATEST TRANSACTION
control field 20210420080737.0
008 - FIXED-LENGTH DATA ELEMENTS--GENERAL INFORMATION
fixed length control field 040521s2005 njua b 001 0 eng
010 ## - LIBRARY OF CONGRESS CONTROL NUMBER
LC control number 2004050561
015 ## - NATIONAL BIBLIOGRAPHY NUMBER
National bibliography number GBA483851
Source bnb
016 7# - NATIONAL BIBLIOGRAPHIC AGENCY CONTROL NUMBER
Record control number 013045905
Source Uk
020 ## - INTERNATIONAL STANDARD BOOK NUMBER
International Standard Book Number 0691121370 (cl : alk. paper)
035 ## - SYSTEM CONTROL NUMBER
System control number (OCoLC)ocm55518499
040 ## - CATALOGING SOURCE
Original cataloging agency eng
Transcribing agency DLC
Modifying agency YDX
-- UKM
-- XMA
-- IXA
-- BAKER
-- DLC
041 ## - LANGUAGE CODE
Language code of text/sound track or separate title eng
042 ## - AUTHENTICATION CODE
Authentication code pcc
050 00 - LIBRARY OF CONGRESS CALL NUMBER
Classification number HG4636
Item number .C56 2005
080 ## - UNIVERSAL DECIMAL CLASSIFICATION NUMBER
Universal Decimal Classification number 336
Item number C-65
082 00 - DEWEY DECIMAL CLASSIFICATION NUMBER
Classification number 332.6
Edition number 22
100 1# - MAIN ENTRY--PERSONAL NAME
Personal name Cochrane, John H.
Fuller form of name (John Howland)
245 10 - TITLE STATEMENT
Title Asset pricing /
Statement of responsibility, etc. John H. Cochrane.
250 ## - EDITION STATEMENT
Edition statement Rev. ed.
260 ## - PUBLICATION, DISTRIBUTION, ETC.
Place of publication, distribution, etc. Princeton, N.J. :
Name of publisher, distributor, etc. Princeton University Press,
Date of publication, distribution, etc. 2005.
300 ## - PHYSICAL DESCRIPTION
Extent xvii, 533 p. :
Other physical details ill. ;
Dimensions 24 cm.
365 ## - TRADE PRICE
Price amount 90 usd
504 ## - BIBLIOGRAPHY, ETC. NOTE
Bibliography, etc. note Includes bibliographical references (p. 497-511) and indexes.
505 0# - FORMATTED CONTENTS NOTE
Formatted contents note Consumption-based model and overview -- Applying the basic model -- Contingent claims markets -- The discount factor -- Mean-variance frontier and beta representations -- Relation between discount factors, betas, and mean-variance frontiers -- Implications of existence and equivalence theorems -- Conditioning information -- Factor pricing models -- GMM in explicit discount factor models -- GMM : general formulas and applications -- Regression-based tests of linear factor models -- GMM for linear factor models in discount factor form -- Maximum likelihood -- Time-series, cross-section, and GMM/DF tests of linear factor models -- Which method? -- Option pricing -- Option pricing without perfect replication -- Term structure of interest rates -- Expected returns in the time series and cross section -- Equity premium puzzle and consumption-based models -- Appendix: -- A.1 Brownian motion -- A.2 Diffusion model -- A.3 Ito's Lemma
650 #0 - SUBJECT ADDED ENTRY--TOPICAL TERM
Topical term or geographic name entry element Capital assets pricing model.
650 #0 - SUBJECT ADDED ENTRY--TOPICAL TERM
Topical term or geographic name entry element Finances
9 (RLIN) 454
650 #0 - SUBJECT ADDED ENTRY--TOPICAL TERM
Topical term or geographic name entry element Securities.
653 ## - INDEX TERM--UNCONTROLLED
Uncontrolled term ფინანსები
856 42 - ELECTRONIC LOCATION AND ACCESS
Materials specified Publisher description
Uniform Resource Identifier <a href="http://www.loc.gov/catdir/description/prin051/2004050561.html">http://www.loc.gov/catdir/description/prin051/2004050561.html</a>
856 42 - ELECTRONIC LOCATION AND ACCESS
Materials specified Contributor biographical information
Uniform Resource Identifier <a href="http://www.loc.gov/catdir/enhancements/fy0734/2004050561-b.html">http://www.loc.gov/catdir/enhancements/fy0734/2004050561-b.html</a>
906 ## - LOCAL DATA ELEMENT F, LDF (RLIN)
a 7
b cbc
c orignew
d 1
e ocip
f 20
g y-gencatlg
942 ## - ADDED ENTRY ELEMENTS (KOHA)
Source of classification or shelving scheme
Koha item type Books
Holdings
Withdrawn status Lost status Source of classification or shelving scheme Damaged status Not for loan Permanent location Current location Date acquired Inventory number Total Checkouts Full call number Barcode Date last seen Price effective from Koha item type
          Ken Walker International University Ken Walker International University 12/12/2020 768   336 C-65 768 12/12/2020 12/12/2020 Books

Powered by Koha